Las mellizas cambian de colegio / (Registro nro. 10374)

Detalles MARC
000 -LIDER
fixed length control field 00717nam a22002417a 4500
001 - NÚMERO DE CONTROL
Identificador de número de control 00530
003 - IDENTIFICACDOR DE NÚMERO DE CONTROL
control field DO-SdBNP
005 - DATE AND TIME OF LATEST TRANSACTION
control field 20180131133357.0
007 - CAMPOS FIJOS DE DESCRIPCIÓN FÍSICA
fixed length control field 00530
008 - ELEMENTOS DE LONGITUD FIJA
fixed length control field 151019b sp 1959||||| |||| 00| 0 spa d
040 ## - FUENTE DE CATALOGACIÓN
Agencia que crea de manera original el registro BPMSU
Idioma de catalogación spa
Agencia que realiza la transcripción BPMSU
100 10 - ASIENTO PRINCIPAL -- NOMBRE PERSONAL
Nombre personal Blyton, Enid
245 14 - MENCIÓN DE TITULO
Título Las mellizas cambian de colegio /
Mención de responsabilidad Enid Blyton ; traducción Isabel Franco ; ilustración W. Lindsay Cable
260 ## - PUBLICACIÓN, DISTRIBUCIÓN, ETC. (PIE DE IMPRENTA)
Lugar de publicación, distribución, etc Barcelona, España :
Nombre del editor, distribuidor, etc. Molino,
Fecha de publicación, distribución, etc 1959.
300 ## - DESCRIPCIÓN FÍSICA
Extensión 186 p. :
Otros detalles físicos il.,
Dimensiones 20 cm.
490 10 - MENCIÓN DE SERIES
Mención de serie Aventura
Volume/sequential designation 19
700 ## - ASIENTO SECUNDARIO -- NOMBRE PERSONAL
Nombre personal Franco, Isabel,
Mención de responsabilidad tr.
700 10 - ASIENTO SECUNDARIO -- NOMBRE PERSONAL
Nombre personal Cable, W. Lindsay,
Mención de responsabilidad il.
830 00 - ASIENTO SECUNDARIO DE SERIE--TÍTULO UNIFORME
Título uniforme Aventura
Número de la parte o sección de una obra 19
942 ## - ADDED ENTRY ELEMENTS (KOHA)
Source of classification or shelving scheme Dewey Decimal Classification
Koha item type Libros
945 ## - INFORMACIÓN DE PROCESAMIENTO LOCAL
Información de procesamiento local Inventariado, 2018/MFF
956 ## - LOCAL ELECTRONIC LOCATION AND ACCESS (OCLC)
Nombre de host BTAVÁREZ
Número de acceso 10
Información de compresión 13062016
Trayectoria 00530
Existencias
Withdrawn status Lost status Source of classification or shelving scheme Damaged status Not for loan Collection code Home library Current library Date acquired Source of acquisition Total Checkouts Barcode Date last seen Price effective from Koha item type
    Dewey Decimal Classification     Colección Juvenil General Biblioteca Pública Metropolitana Salomé Ureña Biblioteca Pública Metropolitana Salomé Ureña 06/13/2016 Donación   BPMSU16060177 06/13/2016 06/13/2016 Libros